01812nam a2200253 i 4500001000700000003000700007005001700014008004100031015001000072017005200082020001800134040002900152100002900181245020400210260007300414300002300487336002200510337003000532338002400562501000600586520082500592655004001417852010101457193977SpMaBN20250711063122.0240125s2023 sp | |||| 000 spa  aMON24 aBI 01040-2023bOficina Depósito Legal Vizcaya a9788412583373 aSpMaBNbspacSpMaBNerda aCesarco, Alejandro eart aOtros ejemplos recientesb= Other Recent Examples = Outros exemplos recentes = Beste adibide berri batzuk /cAlejandro Cesarco ; traducciones de Cecilia Pavón, Luìsa Yokochi, Maria Jose Kerejeta aBilbao :bArtium Museoa ; Luminar Cité ; Caniche Editorial, c2023 a166 pág ;c20 cm aTexto2rdacontent asin mediación2rdamedia avolumen2rdacarrier a  aOtros ejemplos recientes no es técnicamente ni un libro de artista, ni un catálogo, ni un libro de ensayo, ni un ejercicio de traducción, y sin embargo es todo eso a la vez. Esta publicación reúne, por un lado, obra que aborda las diferentes funciones, usos y formas de la pedagogía y, por otro, trabajos que reflexionan sobre las relaciones entre la lengua materna, el bilingüismo y el peculiar ecosistema que sustenta esa interrelación. Otros ejemplos recientes incluye, además, un ensayo de Mirene Arsanios, cartelas de obras expandidas y una serie de epígrafes que funcionan como prólogo y delatan la influencia de Macedonio Fernández en la concepción de la publicación. Editado con ocasión de las exposiciones de Alejandro Cesarco en Artium Museoa (Vitoria) y Lumiar Cité (Lisboa). 72tgfbneaCatálogos de exposiciones aES-MaACLbR.154988cDEPOJjN-9781xEncuadernación rústica con solapashDonación: Editorial